000 01218nam a2200265 i 4500
003 IT-RoINE
005 20180613083409.0
008 960922s1921 sp r 001 | spa d
040 _aSpMaBN
_bspa
_cCDM IT-RoINE
_dIT-RoINE
100 1 _aRetana, W. E.,
_d1862-1924
_949690
245 1 0 _aÍndice de personas nobles y otras de calidad que han estado en Filipinas desde 1521 hasta 1893 /
_cpor W.E. Retana.
246 _aÍndice de nobles que han estado en Filipinas
260 _aMadrid :
_bLibrería de Victoriano Suárez,
_c1921.
300 _a84 p. ;
_c26 cm.
336 _2rdacontent
_atext
337 _2rdamedia
_aunmediated
338 _2rdacarrier
_avolume
500 _a"Escribióse este trabajo con motivo del cuarto centenario del descubrimiento de las islas Filipinas."
500 _a"Edición de 125 ejemplares hecha a beneficio de las formas compuestas para el ʻBoletín de la Real academia de la historia' donde se publicó por primera vez este trabajo."
650 4 _aNobleza
_zEspaña
_97683
650 4 _aNobleza
_zFilipinas
_950405
650 4 _aFilipinos
_950406
_vBibliografía
856 4 1 _uhttp://bdh-rd.bne.es/viewer.vm?id=0000116765&page=1
_yBiblioteca Digital Hispánica
942 _cREF
999 _c25398
_d25398